000 01985nam a2200361 c 4500
003 BLK
005 20180422105156.0
008 180409b bul|||||r ||||||| ||bul||
010 _aKNG00103224000
020 _a954-9761-25-8
_bиздат.: Световит
040 _aBLK
041 _aBUL
_cBUL
080 _aБългарска литература
_b821.163.2
_x-311.6
_z821.163.2-311.6
080 _aОргани на обществения ред. Полиция. Обществена власт. Доброволни отреди. Държавна сигурност. Милиция. Дейност на полицията по вътрешно разузнаване
_b351.74
_x(497.2)(091)(092)
_z351.74(497.2)(091)(092)
080 _aГосподинов, Руси Христозов
_b929 Христозов, Руси
_x
_z929 Христозов, Руси
100 1 _aХристозов, Петър
_eпърви автор
_9370891
700 1 _aВълчев, Христо Димитров
_e*
_9366782
139 _aХристозов, Петър
_bХ 82
245 1 0 _aЧервеният Гешев - генерал Руси Христозов
_bПолит. роман
_cПетър Христозов; * Христо Димитров Вълчев.
257 _aBGR
260 София
_bСветовит
_c2002
_fВраца : Полипринт ЕАД
300 _a112 с.
_c20 см
380 _aX
500 _aПетър Христозов - псевд. на Христо Вълчев. - Пълното име на Руси Христозов е Руси Христозов Динов, но в някои док. Руси Христозов Господинов. - Офс. изд. - 800 тир.
600 1 4 _aХристозов, Руси
_9371298
653 _aромани
653 _aРуси Христозов
852 _aЦб 212622
856 4 _qpdf
_u
856 4 _qpdf
_u
942 _cKNG
_n0
944 _aCR
_c01.01.2002
_kЦветанка_Енчева
944 _aED
_c22.04.2004
_k
999 _c98286
_d98286